El mundo de la bella Simonetta / (Registro nro. 32401)
[ vista simple ]
| 000 -CABECERA | |
|---|---|
| Longitud fija campo de control | 00950nam a2200289 a 4500 |
| 003 - • IDENTIFICADOR DELl NÚMERO DE CONTROL | |
| Identificador del número de control | CO-ViMGA |
| 008 - • CÓDIGOS DE INFORMACIÓN DE LONGITUD FIJA | |
| Códigos de información de longitud fija | 141112s2004 ck r 000 u spa d |
| 020 ## - • NÚMERO INTERNACIONAL NORMALIZADO PARA LIBROS | |
| Número Internacional Normalizado para Libros (ISBN) | 9586143260 |
| 040 ## - FUENTE DE LA CATALOGACIÓN | |
| Centro catalogador de origen | CO-ViMGA |
| Lengua de catalogación | spa |
| Centro transcriptor | CO-ViMGA |
| 082 04 - • NÚMERO DE LA CLASIFICACIÓN DECIMAL DEWEY | |
| Número de clasificación (R) | 920.72 A714m |
| 100 1# - • PUNTO DE ACCESO PRINCIPAL-NOMBRE DE PERSONA | |
| Nombre de persona | Arciniegas, Germán, 1900 - 1999 |
| 245 10 - • TITULO PROPIAMENTE DICHO | |
| Título | El mundo de la bella Simonetta / |
| Mención de responsabilidad, etc. | Germán Arciniegas |
| 300 ## - • DESCRIPCIÓN FÍSICA | |
| Extensión | 191 p., láms. : il. ; 21 cm. |
| 490 ## - • MENCIÓN DE SERIE | |
| Mención de serie | Colección documento |
| 591 ## - | |
| -- | 920.72 A72m 1 ed. 107548 - 49 ej. 1 - 2 Dep. Leg. 1991 1.800 3.600 |
| 600 ## - • PUNTO DE ACCESO ADICIONAL DE MATERIA - NOMBRE DE PERSONA | |
| Nombre de persona | Cattaneo, Simonetta, 1453 - 1476 |
| 650 14 - • PUNTO DE ACCESO ADICIONAL DE MATERIA - TÉRMINO DE MATERIA | |
| Término de materia o nombre geográfico como elemento inicial | Biografias |
| 650 14 - • PUNTO DE ACCESO ADICIONAL DE MATERIA - TÉRMINO DE MATERIA | |
| Término de materia o nombre geográfico como elemento inicial | Boticelli - Pintura |
| 650 14 - • PUNTO DE ACCESO ADICIONAL DE MATERIA - TÉRMINO DE MATERIA | |
| Término de materia o nombre geográfico como elemento inicial | Italia - historia |
| 650 14 - • PUNTO DE ACCESO ADICIONAL DE MATERIA - TÉRMINO DE MATERIA | |
| Término de materia o nombre geográfico como elemento inicial | Vespucci, Simonetta |
| 930 ## - EQUIVALENCIA O SECCIÓN-REFERENCIA-TÍTULO ENCABEZAMIENTO UNIFORME [LOCAL, CANADA] | |
| T&íacute;tulo uniforme | lab jfp |
| 942 ## - ENTRADA DE ELEMENTOS AGREGADOS (KOHA) | |
| Fuente de clasificaión o esquema | Dewey Decimal Classification |
| Koha [por defecto] tipo de item | LIbro |
| 949 ## - TRATAMIENTO DE LA INFORMACIÓN LOCAL (OCLC) | |
| a | 920.72 A72m 1 ed. D.SAMPER LIBRO DEWEY DEWEY DEP/LEGAL GENERAL Y Y |
| Perdido | Fuente de clasificación o esquema | Estado Físico | No para préstamo | Forma de adquisición | Localización permanente | Localización actual | Fecha adquisición | Serie de enumeración / cronolog&íacute;a | Préstamos totales | Signatura completa | Código de barras | Fecha última consulta | Número de copia | Fecha del precio de reemplazo | Tipo de item de Koha | Localización en estanterías |
|---|---|---|---|---|---|---|---|---|---|---|---|---|---|---|---|---|
| Dewey Decimal Classification | Colección General | Biblioteca Pública Lejanias | Biblioteca Pública Lejanias | 11/19/2025 | 920.72 A714m | LEJ01427 | 11/19/2025 | Ej.1 | 11/19/2025 | LIbro | General | |||||
| Dewey Decimal Classification | Sala General Segundo Piso | Biblioteca Pública Germán Arciniegas - Villavicencio | Biblioteca Pública Germán Arciniegas - Villavicencio | 12/04/2015 | 24/oct/2012 | 920.72 A714m | 25369 | 12/04/2015 | Ej. 1 | 12/04/2015 | LIbro |